Autour des albums de Martine ! - Statistiques

Statistiques générales
  • Ce quiz a été pris 20 fois
  • Le résultat moyen est 9 sur 15
Statistiques - réponses
Question Réponse % Correct
En quelle année Martine prend-t-elle l'avion ? 1965
100%
Le chien de Martine se nomme... Patapouf
100%
Qui Martine perd-t-elle en 1986 ? son chien
100%
Où Martine ne va-t-elle pas en vacances ? en Bourgogne
75%
Quel moyen de transport n'utilise pas Martine ? la moto
75%
Trois titres font référence à des fêtes, lequel n'existe pas ? Martine fête papa
75%
Le chat de Martine se nomme... Moustache
75%
Quel est la première destination de Martine en 1954 ? la ferme
50%
Quelle lieu n'a pas encore visité Martine ? le musée d'Orsay
50%
Dans des albums "hors série" Martine visite des villes belges, mais pas l'un des quatre citées ici Charleroi
25%
Qu'est ce qui arrive à Martine en 1992 ? Elle va déménager
25%
Le créateur de Martine est Gilbert Delahaye
25%
Les frères de Martine se prénomment Jean et Alain
25%
La meilleure amie de Martine se prénomme... Nicole
25%
Quel produit dérivé n'existe pas ? un film
25%
Aucun quiz correspondant
Distribution des résultats
% des personnes avec chaque résultat
Percentile par nombre de réponses
Votre historique - résultats
Vous n’avez pas pris ce quiz